Cẩm nang phòng và điều trị bệnh dạ dày và ống tiêu hoá

Sparad:
Bibliografiska uppgifter
Materialtyp: Bok
Språk:Undetermined
Publicerad: Hải Phòng Nhà xuất bản Hải Phòng 2007
Ämnen:
Taggar: Lägg till en tagg
Inga taggar, Lägg till första taggen!
Thư viện lưu trữ: Trung tâm Học liệu Trường Đại học Cần Thơ
LEADER 00644nam a2200193Ia 4500
001 CTU_128091
008 210402s9999 xx 000 0 und d
020 |c 25000 
082 |a 616.33 
082 |b C120 
245 0 |a Cẩm nang phòng và điều trị bệnh dạ dày và ống tiêu hoá 
245 0 |c Nguyễn Văn Nhương biên soạn; Nguyễn Công Đức hiệu đính 
260 |a Hải Phòng 
260 |b Nhà xuất bản Hải Phòng 
260 |c 2007 
650 |a Digestive system 
650 |x Diseases 
904 |i Tuyến 
980 |a Trung tâm Học liệu Trường Đại học Cần Thơ